Humanisme de l'autre homme / (Record no. 9626)

MARC details
000 -LEADER
campo de control de longitud fija 00672nam a2200229 i 4500
001 - NÚMERO DE CONTROL
campo de control 9626
003 - IDENTIFICADOR DE NÚMERO DE CONTROL
campo de control ES-MaACL
005 - FECHA Y HORA DE LA ÚLTIMA TRANSACCIÓN
campo de control 20230906145726.0
007 - CAMPO FIJO DE DESCRIPCIÓN FÍSICA--INFORMACIÓN GENERAL
campo de control de longitud fija t|
008 - DATOS DE LONGITUD FIJA--INFORMACIÓN GENERAL
campo de control de longitud fija 931115s1987 fr ||||1| fre d
020 ## - NÚMERO INTERNACIONAL ESTÁNDAR DEL LIBRO
Número Internacional Estándar del Libro 2-253-04115-7
080 ## - NÚMERO DE LA CLASIFICACIÓN DECIMAL UNIVERSAL
Número de la Clasificación Decimal Universal 111
100 1# - ENTRADA PRINCIPAL--NOMBRE DE PERSONA
Nombre de persona Lévinas, Emmanuel.
9 (RLIN) 71972
245 10 - MENCIÓN DEL TÍTULO
Título Humanisme de l'autre homme /
Mención de responsabilidad, etc. Emmanuel Lévinas.
260 ## - PUBLICACIÓN, DISTRIBUCIÓN, ETC.
Lugar de publicación, distribución, etc. [Paris?] :
Nombre del editor, distribuidor, etc. Fata Morgana,
Fecha de publicación, distribución, etc. D.L. 1987.
300 ## - DESCRIPCIÓN FÍSICA
Extensión 123 p. ;
Dimensiones 17 cm.
490 1# - MENCIÓN DE SERIE
Mención de serie Le Livre du poche. Biblio-essais ;
Designación de volumen o secuencia 4058
650 ## - PUNTO DE ACCESO ADICIONAL DE MATERIA--TÉRMINO DE MATERIA
Término de materia o nombre geográfico como elemento de entrada Ontología.
9 (RLIN) 15705
830 0# - PUNTO DE ACCESO ADICIONAL DE SERIE-TÍTULO UNIFORME
Título uniforme Le Livre du poche. Biblio-essais ;
Designación de volumen o secuencia 4058
9 (RLIN) 228048
852 ## - LOCALIZACIÓN
Ubicación ES-MaACL
Número de control de estantería L-17063
Sublocalización o colección R.114500
Holdings
Estatus retirado Estado de pérdida Estado de daño No para préstamo Biblioteca de origen Biblioteca actual Ubicación en estantería Fecha de adquisición Fuente de adquisición Total de préstamos Signatura topográfica completa Código de barras Visto por última vez Precio de reemplazo Tipo de ítem Koha
        Biblioteca del Ateneo de Madrid Biblioteca del Ateneo de Madrid Depósito 2 17/01/2008     L-17063 1009823 23/02/2023 23/02/2023 Libro impreso